Termodinamica quimica para los ingenieros / Richard E. Balzhiser...[et al.] (Registro nro. 19067)
[ vista simple ]
| 000 -LÍDER | |
|---|---|
| fixed length control field | 00554nam a2200157 4500 |
| 008 - ELEMENTOS DE LONGITUD FIJA -- INFORMACIÓN GENERAL | |
| fixed length control field | 0 1972 0n 000 0ESP |
| 020 ## - NÚMERO INTERNACIONAL NORMALIZADO PARA LIBROS | |
| ISBN | 0-13-906776-0 |
| 050 ## - SIGNATURA TOPOGRAFICA DE LA BIBLIOTECA DEL CONGRESO (LC) | |
| Número de Clasificación | TP155 B818 |
| 082 ## - NUMERO DE CLASIFICACION DECIMAL DEWEY | |
| Número de Clasificación | 621.4021 B125t |
| 100 ## - ASIENTO PRINCIPAL--NOMBRE PERSONAL | |
| Nombre personal | Balzhiser, Richard E. |
| 245 ## - TÍTULO | |
| Título | Termodinamica quimica para los ingenieros / Richard E. Balzhiser...[et al.] |
| 260 ## - PUBLICACIÓN, DISTRIBUCIÓN, ETC. (PIE DE IMPRENTA) | |
| Lugar de publicación, distribución, etc. | España : Prentice-Hall |
| 300 ## - DESCRIPCIÓN FÍSICA | |
| Extensión | xvii, 733 p. / 23 cm. |
| 650 ## - ASIENTO SECUNDARIO DE MATERIA - TERMINO TEMÁTICO | |
| Término temático o nombre geográfico como elemento de entrada | 1.PROPIEDADES TERMODINAMICAS 2. TERMODINAMICA QUIMICA |
| 700 ## - ASIENTO SECUNDARIO - NOMBRE PERSONAL | |
| Nombre personal | R. Samuels, Michael . coaut. \ D. Eliassen, John. coaut. |
| No. biblioteca | No. biblioteca | Número de clasificación | Código de barras/Número de adquisición | Número de copia | Tipo de material |
|---|---|---|---|---|---|
| LUIS G. INCLAN | LUIS G. INCLAN | 621.4021 B125t | 3346 | 1 | Libros |
| LUIS G. INCLAN | LUIS G. INCLAN | 621.4021 B125t | 3347 | 2 | Libros |
| LUIS G. INCLAN | LUIS G. INCLAN | 621.4021 B125t | 3348 | 3 | Libros |
| LUIS G. INCLAN | LUIS G. INCLAN | 621.4021 B125t | 3349 | 4 | Libros |
| LUIS G. INCLAN | LUIS G. INCLAN | 621.4021 B125t | 3350 | 5 | Libros |
| LUIS G. INCLAN | LUIS G. INCLAN | 621.4021 B125t | 3352 | 7 | Libros |
| LUIS G. INCLAN | LUIS G. INCLAN | 621.4021 B125t | 3355 | 10 | Libros |
| LUIS G. INCLAN | LUIS G. INCLAN | 621.4021 B125t | 3356 | 11 | Libros |
| LUIS G. INCLAN | LUIS G. INCLAN | 621.4021 B125t | 3357 | 12 | Libros |
| LUIS G. INCLAN | LUIS G. INCLAN | 621.4021 B125t | 3358 | 13 | Libros |
| LUIS G. INCLAN | LUIS G. INCLAN | 621.4021 B125t | 3359 | 14 | Libros |
| LUIS G. INCLAN | LUIS G. INCLAN | 621.4021 B125t | 3360 | 15 | Libros |
| LUIS G. INCLAN | LUIS G. INCLAN | 621.4021 B125t | 3361 | 16 | Libros |
| LUIS G. INCLAN | LUIS G. INCLAN | 621.4021 B125t | 3351 | 6 | Libros |
| ÁREA DE QUÍMICA | ÁREA DE QUÍMICA | 621.4021 B125t | 3353 | 8 | Libros |
